000
00254nam a2200109Ia 4500
008
220216s9999 xx 000 0 und d
100
_a
Ambili K K
245
0
_a
Rubber krishiyil aavaranavilakal
260
_b
Rubber
_c
2015
300
_a
16-17
942
_c
BS
999
_c
48611
_d
48611